[Event "Let's Play Chess!"]
[Site "http://www.queenalice.com/game.php?id=224805"]
[Date "2007.6.15"]
[Round "-"]
[White "tkcsapphire"]
[Black "palod"]
[Result "1/2-1/2"]
[WhiteElo "1036"]
[BlackElo "1251"]

1. e4 e5 2. Bc4 a6 3. Qf3 Nf6 4. Qe3 b6 5. Nf3 Nc6 6. d4 Ng4 7. Qe2 Nf6 8. Bd3
exd4 9. O-O Be7 10. Nfd2 O-O 11. Qd1 Bd6 12. Qe1 Bxh2+ 13. Kxh2 Ng4+ 14. Kg1 Nh2
15. Kxh2 d6 16. Kg1 Ne5 17. Be2 Qg5 18. Nf3 Nxf3+ 19. Bxf3 Qg6 20. c3 Re8 21.
cxd4 Ra7 22. Nc3 c6 23. Qd1 Rae7 24. Qe1 f5 25. g4 fxg4 26. Bg2 h5 27. Bd2 h4
28. Rd1 g3 29. Qe3 gxf2+ 30. Rxf2 h3 31. Re1 hxg2 32. Rxg2 Qh5 33. Qe2 Qh6
1/2-1/2

[Event "Let's Play Chess!"]
[Site "http://www.queenalice.com/game.php?id=236934"]
[Date "2007.7.9"]
[Round "-"]
[White "tkcsapphire"]
[Black "pollo"]
[Result "0-1"]
[WhiteElo "1045"]
[BlackElo "1466"]

1. e4 Nf6 2. Nc3 e5 3. Nf3 Bb4 4. a3 Bxc3 5. bxc3 Nxe4 6. Qe2 d5 7. c4 c6 8. d3
Nc5 9. Nxe5 O-O 10. Bf4 dxc4 11. Nxc4 b5 12. Nb2 Re8 13. O-O-O Rxe2 14. Bxe2 Be6
15. Rhe1 Qd4 16. Kb1 Qxf4 17. g3 Qxf2 18. Rf1 Qxe2 19. h4 h6 20. a4 bxa4 0-1

[Event "Challenge"]
[Site "http://www.queenalice.com/game.php?id=237204"]
[Date "2007.7.9"]
[Round "-"]
[White "dvgm"]
[Black "tkcsapphire"]
[Result "1-0"]
[WhiteElo "1175"]
[BlackElo "1047"]

1. e4 e5 2. Nf3 Nc6 3. Bc4 Qe7 4. d3 d6 5. Nc3 Na5 6. Bg5 f6 7. Be3 Qd8 8. Bb5+
c6 9. Bc4 d5 10. exd5 Ne7 11. dxc6 Nexc6 12. g3 Bb4 13. Bd2 Rf8 14. O-O Rf7 15.
Bxf7+ Kxf7 16. Ne4 Ke8 17. c3 Be7 18. b4 b6 19. bxa5 bxa5 20. Qb1 Ba6 21. c4 Kf8
22. a4 h5 23. Nh4 Rc8 24. Ng6+ Kg8 25. Nxe7+ Nxe7 26. Qe1 Qf8 27. Bxa5 Nc6 28.
Qd2 Ne7 29. Nd6 Re8 30. Nxe8 Qxe8 31. Bb4 Bc8 32. Bxe7 Qxe7 33. Rab1 Qf8 34. Rb8
Bd7 35. Rxf8+ Kxf8 36. d4 1-0

[Event "Challenge"]
[Site "http://www.queenalice.com/game.php?id=240269"]
[Date "2007.7.15"]
[Round "-"]
[White "Denorwaygths"]
[Black "tkcsapphire"]
[Result "1-0"]
[WhiteElo "1846"]
[BlackElo "1037"]

1. Nc3 e5 2. Nf3 Nc6 3. e4 Bd6 4. Bc4 Qe7 5. d3 Qd8 6. Ng5 f6 7. Nf7 Qe7 8. Nxh8
Nh6 9. Qh5+ Kd8 10. Nf7+ Ke8 11. Nxh6+ Kd8 12. Nf5 Qf8 13. Qxh7 Qe8 14. Qxg7 a5
15. Bf7 1-0

[Event "Challenge"]
[Site "http://www.queenalice.com/game.php?id=242989"]
[Date "2007.7.21"]
[Round "-"]
[White "lesangesleader"]
[Black "tkcsapphire"]
[Result "1-0"]
[WhiteElo "1336"]
[BlackElo "1043"]

1. Nf3 d5 2. d4 Nf6 3. c4 e6 4. Nc3 Bd7 5. a3 Be7 6. Bg5 h6 7. Bxf6 Bxf6 8. e3
Be7 9. cxd5 c6 10. dxe6 fxe6 11. Ne5 Bc8 12. Qh5+ Kf8 13. Qf7# 1-0

[Event "Challenge"]
[Site "http://www.queenalice.com/game.php?id=245719"]
[Date "2007.7.25"]
[Round "-"]
[White "Am0n"]
[Black "tkcsapphire"]
[Result "1-0"]
[WhiteElo "1553"]
[BlackElo "1047"]

1. c4 e5 2. d3 Bc5 3. b3 Qf6 4. a4 Qxf2+ 5. Kd2 Qf6 6. Bb2 Qe7 7. d4 Bd6 8. Nc3
exd4 9. Nb5 Be5 10. Nf3 Bf6 11. e3 Qd8 12. exd4 Be7 13. d5 Bf6 14. Bxf6 Nxf6 15.
Kc1 Kf8 16. Bd3 Ng8 17. Re1 Ne7 18. d6 Rg8 19. dxe7+ Qxe7 20. Rxe7 1-0

[Event "Challenge"]
[Site "http://www.queenalice.com/game.php?id=253192"]
[Date "2007.8.9"]
[Round "-"]
[White "tkcsapphire"]
[Black "Hugo62"]
[Result "0-1"]
[WhiteElo "1047"]
[BlackElo "1250"]

1. e4 e5 2. Bc4 Nh6 3. Qf3 Qe7 4. Qe2 Qc5 5. Bd3 Be7 6. Nf3 Nc6 7. O-O Nb4 8.
Ne1 a6 9. c4 O-O 10. Qd1 d6 11. Nf3 Nxd3 0-1

[Event "Brasil vs Japan"]
[Site "http://www.queenalice.com/game.php?id=256875"]
[Date "2007.8.17"]
[Round "-"]
[White "Semitonado"]
[Black "tkcsapphire"]
[Result "0-1"]
[WhiteElo "1539"]
[BlackElo "1082"]

1. e4 e5 2. Nf3 Nc6 3. d4 f6 4. Nc3 Be7 5. Be3 a5 6. Bc4 Rb8 7. O-O b5 8. Bxb5
Na7 9. Qd3 c6 10. Ba6 Rxb2 11. dxe5 fxe5 12. Rab1 Nf6 13. Rxb2 O-O 14. Bxa7 Qe8
15. Rb8 Bxa6 16. Qxa6 Bd8 0-1

[Event "Bring it"]
[Site "http://www.queenalice.com/game.php?id=264706"]
[Date "2007.8.31"]
[Round "-"]
[White "tkcsapphire"]
[Black "alterego"]
[Result "0-1"]
[WhiteElo "1028"]
[BlackElo "1535"]

1. e4 c5 2. Bc4 e6 3. Qf3 Nf6 4. Qe2 g6 5. Nc3 Nc6 6. Bd3 Bg7 7. Nf3 O-O 8. O-O
d5 9. Bb5 Nb4 10. Qd1 d4 11. Ne2 Nxe4 12. d3 Nd6 13. c3 Nxb5 14. cxb4 cxb4 15.
Bd2 a5 16. Be1 e5 17. Rc1 Qd5 18. Nd2 Bg4 19. f3 Bf5 20. b3 Bxd3 21. Rf2 f5 22.
a4 Nc3 23. Rxc3 dxc3 24. Nc1 c2 25. Qe2 Bxe2 26. Rxe2 Qd4+ 27. Kh1 Qa1 28. Nd3
Rad8 29. Nc5 c1=Q 0-1

[Event "Challenge"]
[Site "http://www.queenalice.com/game.php?id=265652"]
[Date "2007.9.2"]
[Round "-"]
[White "tkcsapphire"]
[Black "Hugo62"]
[Result "0-1"]
[WhiteElo "1033"]
[BlackElo "1320"]

1. e4 e5 2. Bc4 Nh6 3. Qf3 g6 4. g3 d6 5. Bd3 Qd7 6. Kd1 Ng4 7. Qe2 Nc6 8. c3 b6
9. Bc2 a5 10. Nf3 Ba6 11. Qe1 Qe6 12. d3 O-O-O 13. Rg1 h5 14. Bd2 Qf6 15. Rh1
Qxf3+ 16. Kc1 Bg7 17. b3 Rde8 18. Rf1 Nxh2 19. Rg1 b5 20. b4 a4 21. d4 exd4 22.
cxd4 Bxd4 23. Bd1 Qf6 24. Rh1 Ng4 25. Bc2 Bxa1 26. Kd1 Qf3+ 27. Kc1 Nd4 28. Bb3
axb3 29. Rf1 Rxe4 30. Qd1 Ne2+ 31. Qxe2 Qxe2 32. Re1 Qc4+ 33. Kd1 Qc2# 0-1

[Event "Challenge"]
[Site "http://www.queenalice.com/game.php?id=267148"]
[Date "2007.9.5"]
[Round "-"]
[White "tkcsapphire"]
[Black "zxguttixz"]
[Result "0-1"]
[WhiteElo "1035"]
[BlackElo "1221"]

1. e4 d5 2. Bd3 dxe4 3. Bxe4 Nf6 4. Bd3 Nc6 5. Qe2 e5 6. Qd1 Bc5 7. Ne2 O-O 8.
O-O Qd6 9. Qe1 e4 10. Bc4 Ng4 11. h3 Qh2# 0-1

[Event "Challenge"]
[Site "http://www.queenalice.com/game.php?id=268581"]
[Date "2007.9.8"]
[Round "-"]
[White "tkcsapphire"]
[Black "lesangesleader"]
[Result "0-1"]
[WhiteElo "1035"]
[BlackElo "1710"]

1. e4 e6 2. Nc3 d5 3. Nge2 c5 4. g3 b6 5. d4 Bb7 6. Bg2 Be7 7. O-O dxe4 8. f3
exf3 9. Bh1 Nd7 10. Re1 Rb8 11. g4 fxe2 12. Qxe2 Bxh1 13. Kxh1 cxd4 14. Rd1 dxc3
15. bxc3 Qc7 16. Qg2 Qb7 17. Rf1 Qxg2+ 18. Kxg2 Ngf6 19. Be3 Nxg4 20. Kg1 Nxe3
21. Rf3 Bc5 22. Re1 Nxc2+ 23. Kh1 Nxe1 24. Rf1 Nd3 25. h3 Nf6 26. Rf3 Ne5 27.
Rf1 O-O 28. a4 Rfd8 29. h4 Rd3 0-1

[Event "Challenge"]
[Site "http://www.queenalice.com/game.php?id=272833"]
[Date "2007.9.17"]
[Round "-"]
[White "pacou93"]
[Black "tkcsapphire"]
[Result "1-0"]
[WhiteElo "1504"]
[BlackElo "1112"]

1. e4 e5 2. Nf3 Nc6 3. Bb5 a6 4. Bxc6 bxc6 5. d3 Bb4+ 6. c3 Ba5 7. Nxe5 f6 8.
Nf3 Bb6 9. O-O Ne7 10. Qb3 Rb8 11. d4 Rg8 12. c4 Ba7 13. Qa3 d6 14. Re1 d5 15.
exd5 cxd5 16. c5 Rf8 17. b4 Kf7 18. Bf4 Kg8 19. Nc3 Qe8 20. h3 Kh8 21. Bxc7 Rb7
22. Bd6 Nc6 23. Rxe8 Rxe8 24. Re1 Rd8 25. Bh2 Rg8 26. Rb1 Bf5 27. Rb2 Rbb8 28.
Bxb8 Bxb8 29. Qxa6 Ba7 30. Qxc6 g6 31. Qxd5 Rg7 32. Re2 h6 33. Re8+ Rg8 34.
Rxg8+ Kh7 35. Qf7# 1-0